Demokrasi ve farklılık : (Record no. 14861)

MARC details
000 -BAŞLIK
Sabit Uzunlukta Kontrol Alanı 01022nam a22002657a 4500
999 ## - SİSTEM KONTROL NUMARALARI (KOHA)
Koha Biblionumber 14861
Koha Biblioitemnumber 14861
003 - KONTROL NUMARASI IDENTIFIER
Denetim Alanı MIRAKIL
005 - SON İŞLEM TARİHİ VE ZAMANI
Denetim Alanı 20220318144727.0
008 - SABİT-BOY VERİ ELEMANLARI - GENEL BİLGİLER
Sabit Uzunlukta Kontrol Alanı 220318b tu ||||| |||| 00| 0 tur d
020 ## - ULUSLARARASI STANDART KİTAP NUMARASI
Uluslararası Standart Kitap Numarası 9757237108
040 ## - KATALOGLAMA KAYNAK
Orijinal Kataloglama Ajansı TR-AnCHP
Metne Dönüştürmek Ajansı TR-AnCHP
041 ## - DİL KODU
Metin / Ses Parça Veya Ayrı Başlığın Dil Kodu tur
082 ## - DEWEY ONLU SINIFLANDIRMA NUMARASI
Sınıflandırma Numarası 321.8
Ürün Numarası D35 1999
245 10 - BAŞLIK TABLOSU
Başlık Demokrasi ve farklılık :
Başlığın Kalan siyasal düzenin sınırlarının tartışmaya açılması /
Sorumluluk Tablosu, Vb yayıma hazırlayan: Seyla Benhabib ; çevirenler: Zeynep Gürata, Cem Gürsel
246 ## - UNVAN FORM VARYING
Başlık Doğru / Kısa Başlığı siyasal düzenin sınırlarının tartışmaya açılması
260 ## - YAYIN, DAĞITIM, VB
Yayın, Dağıtım, Vb Yeri İstanbul :
Yayıncı, Dağıtıcı, Vs Adı Demokrasi Kitaplığı,
Yayın, Dağıtım, Vb Tarihi 1999.
300 ## - FİZİKSEL TANIM
Kapsam 512 s. ;
Boyutlar 22 sm.
490 0# - SERİSİ TABLOSU
Seri Beyanı Demokrasi Kitaplığı,
-- Açılımlar dizisi ;
Hacim / Ardışık Tanımı 1.
504 ## - KAYNAKÇA VB NOT
Kaynakça Vb Notu Kaynakça bölüm sonlarındadır.
650 #0 - KONU KATMA GİRİŞ - TOPİKAL DÖNEM
9 (RLIN) 817
Topikal Süreli Veya Coğrafi Ad Giriş Elemanı sosyal demokrasi
700 ## - KATMA GİRİŞ - KİŞİSEL İSİM
9 (RLIN) 7034
Kişisel Ad Benhabib, Seyla
Relator Terim yay. haz.
700 ## - KATMA GİRİŞ - KİŞİSEL İSİM
9 (RLIN) 7035
Kişisel Ad Gürata, Zeynep
Relator Terim çev.
700 ## - KATMA GİRİŞ - KİŞİSEL İSİM
9 (RLIN) 7036
Kişisel Ad Gürsel, Cem
Relator Terim çev.
740 ## - KATMA GİRİŞ - KONTROLSUZ İLGİLİ / ANALİTİK BAŞLIK
Kontrol Edilmeyen / İlgili Analitik Başlıktaki siyasal düzenin sınırlarının tartışmaya açılması
942 ## - EKLENDİ GİRİŞ ELEMANLARI (KOHA)
Sınıflandırma Veya Raf Düzeni Kaynak Dewey Decimal Classification
Koha Öğesi Türü Books
Holdings
Kalıcı Konum Mevcut Konum Edinme Tarihi Toplam Check-Out'Lar Tam Çağrı Numarası Barkod Tarih Son Görülme İtibaren Geçerli Fiyatlar Koha Öğesi Türü
CHP Kütüphanesi CHP Kütüphanesi 03/18/2022   321.8 D35 1999 020375 03/18/2022 03/18/2022 Books